header

Institutional investors and corporate governance (Record no. 109296)

MARC details
000 -LEADER
fixed length control field 01662nam a2200421Ia 4500
082 04 - DEWEY DECIMAL CLASSIFICATION NUMBER
Classification number 658.4
245 00 - TITLE STATEMENT
Title Institutional investors and corporate governance
260 ## - PUBLICATION, DISTRIBUTION, ETC. (IMPRINT)
Place of publication Berlin ;
-- New York :
Name of publisher W. de Gruyter,
Year of publication 1993.
300 ## - PHYSICAL DESCRIPTION
Number of Pages xxvii, 695 p. :
Other physical details ill.
650 #0 - SUBJECT ADDED ENTRY--TOPICAL TERM
Topical Term Corporate governance
Topical Term Institutional investments
Topical Term Directors of corporations
Topical Term Corporations
Topical Term Stockholders' voting
Topical Term Comparative management
Topical Term Corporation law
Topical Term Comparative law
700 1# - ADDED ENTRY--PERSONAL NAME
Personal name Baums, Theodor.
Personal name Buxbaum, Richard M.
Personal name Hopt, Klaus J.,
856 40 - ELECTRONIC LOCATION AND ACCESS
Uniform Resource Identifier http://site.ebrary.com/lib/rucke/Doc?id=10597593

No items available.

© 2026 Rongo University
Contact us: librarian | system librarian | Rongo university